000 00731nam a2200205 i 4500
001 26238
003 ES-MaACL
005 20250901090023.0
007 t|
008 030108s1940 sp ||||1| spa d
100 1 _aAssmann, Herbert.
_923658
245 1 0 _aDiagnóstico röntgenológico de las enfermedades internas /
_cpor Herbert Assmann ... ; traducción de la quinta edición alemana por A. Bages Carey.
260 _aBarcelona :
_bLabor,
_c1940 (
_fTalls. Gráfs. Iberoamericanos)
300 _a2 v., 1 lám. :
_bil. ;
_c27 cm.
650 7 _aRadiología
_2embne
_9140316
650 0 7 _aMedicina interna
_2embne
_914925
700 1 _aBages Carey, A.
_924632
852 _aES-MaACL
_jE-82-83
999 _c26238
_d26238